000 00833nam a2200229 a 4500
005 20220812063820.0
008 021022s19852002mx r 000 0 spa d
020 _a9682604168
035 _aUPN01000120366
049 _aCG
050 4 _aHF5500
_bS8.68
100 1 _aSteiner, George A.
245 1 0 _aPlaneación estratégica :
_blo que todo director debe saber /
_cGeorge A. Steiner ; tr. Guillermo Enrique Ureña Gutiérrez.
260 _aMéxico :
_bContinental,
_c1985 (2002 impr.).
300 _a366 p.
440 0 _aBiblioteca de planeación y estrategia ;
_v1
534 _pTraducción de:
_tStrategic planning what every manager must know
590 _a(También localizas un ejemplar en el "Area de Reserva")
590 _aBibliografía Básica (BGTQ)
650 4 _aPlanificación estratégica
_91106
905 _aLibro
999 _c92703
_d92703